00386pab a2200121 454500008004000000100002100040245010900061260000900170300001100179362001200190650002800202773003400230180718b1987 xxu||||| |||| 00| 0 eng d aChaturvedi, Anil aInter - departmental dynamicsbRelations between four state government departments at the district level c1987 aM 9-19 a28 Feb. aDistrict Administration aEconomic and Political Weekly